000 00975nam a2200253 a 4500
001 1956272
003 AM-YEHGA
005 20250618071221.0
008 081222s2023 ai a||||||||||||||1|arm|d
020 _a9789939864754
040 _aAM-YeHGA
041 0 _aarm
100 0 _aԶինաիդա
_9914
245 1 0 _aՔերթվածներ յոթնացոլումի :
_bՔերթվածքներ, բանաստեղծություններ /
_cԶինաիդա ; Խմբագիր՝ Կ. Գաբրիելյան.
260 2 _aԵրևան :
_bԾիծեռնակ,
_c2023.
300 _a64 էջ ։
_bլուսանկար ;
_c21 սմ.
490 0 _aԳրողների արցախյան միավորում
500 _aՀրատարակվել է «Լուսաբերդ» հիմնադրամի աջակցությամբ։
650 1 4 _aՀայ պոեզիա
650 1 4 _aՀայ գրականություն
700 1 _aԳաբրիելյան, Կիմ
_eխմբագիր
_4edt
942 _2udc
_cBK
090 _c43639
999 _c42936
_d42936